000 00637nam a2200169Ia 4500
008 090711s9999 xx 000 0 und d
082 _b55315
100 _aसाठवणे पां. आ.
245 _aआपला आहार आपले स्वास्थ्य
260 _bसाठवणे प्रकाशन
_c1985
300 _a46
600 _aसाठवणे पां. आ.
630 _aआपला आहार आपले स्वास्थ्य
700 _aसाठवणे पां. आ.
730 _aआपला आहार आपले स्वास्थ्य
942 _cBOOK
999 _c328843
_d328843